Χρυσές στιγμές του ελληνικού αθλητισμού
Ένα εγκυκλοπαιδικό έργο με τις σημαντικότερες στιγμές του ελληνικού αθλητισμού από το 1896 έως σήμερα. Όλες οι σημαντικές διακρίσεις των Ελλήνων αθλητών και των ελληνικών. Η ιστορία των θεσμών και οι σημαντικότερες στιγμές....
Αποθηκεύτηκε σε:
| Συγγραφή απο Οργανισμό/Αρχή: | |
|---|---|
| Μορφή: | Ηλεκτρονική πηγή |
| Γλώσσα: | Greek |
| Δημοσίευση: |
Αθήνα :
Διαμιανάκης,
1999
|
| Θέματα: | |
| Ετικέτες: |
Προσθήκη ετικέτας
Δεν υπάρχουν, Καταχωρήστε ετικέτα πρώτοι!
|
MARC
| LEADER | 00000nmm a2200000 i 4500 | ||
|---|---|---|---|
| 001 | 1/85821 | ||
| 008 | 070221s1998 gr gre d | ||
| 020 | |a 960-7772-11-3 | ||
| 035 | |l 10080373 | ||
| 040 | |a GR-MY-UA |b gre |e aacr | ||
| 041 | 0 | |a gre | |
| 082 | 0 | |a 796.48 |2 (22η εκδ.) | |
| 245 | 1 | 0 | |a Χρυσές στιγμές του ελληνικού αθλητισμού |h [αρχείο Η/Υ] / |c παραγωγή της Conceptum |
| 260 | |a Αθήνα : |b Διαμιανάκης, |c 1999 | ||
| 300 | |a 1 οπτική δισκέτα Η/Υ; |b ομιλ., έγχρ.; |c 4 3/4 ιν. | ||
| 500 | |a Γράφει και παρουσιάζει ο Χρήστος Σωτηρακόπουλος | ||
| 500 | |a Με την συγκατάθεση της Διεθνούς Ολυμπιακής Επιτροπής | ||
| 520 | |a Ένα εγκυκλοπαιδικό έργο με τις σημαντικότερες στιγμές του ελληνικού αθλητισμού από το 1896 έως σήμερα. Όλες οι σημαντικές διακρίσεις των Ελλήνων αθλητών και των ελληνικών. Η ιστορία των θεσμών και οι σημαντικότερες στιγμές. | ||
| 538 | |a Ελάχιστα προτεινόμενα χαρακτηριστικά: PC 486/66MHz; 8MB RAM; Ελληνικά Win3.11 ή Win95; κάρτα ήχου; CD-ROM 8x; SVGA με χιλιάδες χρώματα; 640x480; Video για Win3.11 | ||
| 650 | 0 | 0 | |a Olympics. |
| 650 | 0 | 0 | |a Olympics |x Records. |
| 650 | 0 | 0 | |a Athletes. |
| 710 | 2 | |a Conceptum (Firm) | |
| 852 | |a INST |b LESVOS |c AV |e 20070221 |h 796.48 ΧΡΥ |p 005100036911 |q 005100036911 |t CDROM |y 23 | ||
| 901 | |a BIBL1-2007-1 | ||
| 901 | |a BIBL1-2007-2 | ||
| 909 | |a Λ |b 132209 | ||
| 920 | |a ΔΙΕΥΡΥΝΣΗ |b ΕΠΕΑΕΚ-ΤΠΤΕ |y ΛΕΣΒΟΣ |z 2005-08 | ||
| 970 | |a ΚΑΡΑ |b ΓΙΑΣΕΜΗ |z 2007/02/21 | ||